[Event "IECC CL7-2005.17 email"]
[Site "IECC email"]
[Date "2005.11.17"]
[Round "?"]
[White "Senjen, Rye"]
[Black "Nikolic, Dejan"]
[Result "0-1"]
[WhiteElo "986"]
[BlackElo "1116"]
[PlyCount "58"]
[EventDate "2005.??.??"]
[EventType "tourn (corr)"]
[EventRounds "4"]
[SourceTitle "Corr 2020"]
[Source "ChessBase"]
[SourceDate "2019.09.30"]
[SourceVersion "1"]
[SourceVersionDate "2019.09.30"]
[SourceQuality "1"]
[WhiteTeam "Australia"]
[BlackTeam "SCG"]
[WhiteTeamCountry "AUS"]

1. e4 e5 2. Nf3 Nc6 3. Bb5 a6 4. Ba4 Nf6 5. 0-0 Be7 6. Re1 b5 7. Bb3 0-0 8. d4 Nxd4 9. Nxd4 exd4 10. Qxd4 c5 11. Qe3 c4 12. e5 Ne8 13. Qg3 cxb3 14. axb3 d6 15. Nc3 Bb7 16. e6 fxe6 17. Rxe6 Nc7 18. Rh6 Bf6 19. Ne4 Bxe4 20. Bf4 Ne8 21. Re1 Bxc2 22. h4 Bxb2 23. h5 Rxf4 24. Re2 Be5 25. Rxc2 Rf6 26. Qg5 Rxh6 27. Qg4 Nf6 28. Qf5 Rxh5 29. f4 Rxf5 0-1

[Event "IECC KO-1053"]
[Site "IECC email"]
[Date "2005.07.20"]
[Round "?"]
[White "Senjen, Rye"]
[Black "Mitchell, TT."]
[Result "0-1"]
[WhiteElo "1042"]
[BlackElo "845"]
[PlyCount "98"]
[EventDate "2005.??.??"]
[EventType "match (corr)"]
[EventRounds "2"]
[SourceTitle "Corr 2008"]
[Source "ChessBase"]
[SourceDate "2008.06.24"]
[SourceVersion "1"]
[SourceVersionDate "2008.06.24"]
[SourceQuality "1"]

1. e4 b6 2. d4 Bb7 3. Nc3 Ba6 4. Nf3 Bxf1 5. Rxf1 h6 6. Be3 e6 7. d5 exd5 8. Nxd5 c6 9. Nc3 Ne7 10. Qd4 c5 11. Qe5 f6 12. Qf4 Ng6 13. Qg4 Ne7 14. e5 f5 15. Qa4 a6 16. 0-0-0 b5 17. Qb3 c4 18. Qb4 Nec6 19. Bb6 Qxb6 20. Rd6 Bxd6 21. Qxd6 Qd8 22. Qg6+ Kf8 23. Qxf5+ Kg8 24. Nd5 Qf8 25. Qg6 Qd8 26. Nf6+ Kf8 27. Re1 Ne7 28. Qh5 g6 29. Qg4 Ra7 30. Qf4 Kg7 31. h4 Qf8 32. g4 Nbc6 33. h5 Ng8 34. g5 Nxf6 35. gxf6+ Kf7 36. Qg4 Rg8 37. Rd1 Qe8 38. Rd6 Nxe5 39. Rxd7+ Nxd7 40. b3 Nxf6 41. Qd4 Rd7 42. Ne5+ Kf8 43. Qc5+ Re7 44. f4 gxh5 45. Qf2 Ne4 46. Qh4 Rg1+ 47. Kb2 c3+ 48. Ka3 b4+ 49. Kxb4 Qb5+ 0-1

[Event "IECC CL7-2005.06 email"]
[Site "IECC email"]
[Date "2005.03.07"]
[Round "?"]
[White "Reni, Norbert"]
[Black "Senjen, Rye"]
[Result "1-0"]
[WhiteElo "1191"]
[BlackElo "1104"]
[PlyCount "59"]
[EventDate "2005.??.??"]
[EventType "tourn (corr)"]
[EventRounds "4"]
[SourceTitle "Corr 2020"]
[Source "ChessBase"]
[SourceDate "2019.09.30"]
[SourceVersion "1"]
[SourceVersionDate "2019.09.30"]
[SourceQuality "1"]
[WhiteTeam "Australia"]
[BlackTeam "Australia"]
[WhiteTeamCountry "AUS"]
[BlackTeamCountry "AUS"]

1. Nf3 d5 2. d4 Nf6 3. Nc3 g6 4. e3 Bf5 5. Bd3 e6 6. 0-0 Nc6 7. Re1 Qd6 8. e4 dxe4 9. Nxe4 Qe7 10. Bg5 Bg7 11. a3 h6 12. Bh4 g5 13. Bg3 Bg4 14. c3 Nd5 15. Bc2 f5 16. Nc5 0-0-0 17. Qd3 e5 18. Qb5 Na5 19. Bxe5 b6 20. Bxg7 Qxg7 21. Ne5 bxc5 22. Qxa5 Rde8 23. Qa6+ Kd8 24. Nc6+ Kd7 25. Ne5+ Rxe5 26. Ba4+ c6 27. Qxc6+ Kd8 28. Qa8+ Ke7 29. Rxe5+ Kf6 30. Qc6+ 1-0

[Event "IECC CL7-2005.06 email"]
[Site "IECC email"]
[Date "2005.03.07"]
[Round "?"]
[White "Senjen, Rye"]
[Black "Goins, Jonathan"]
[Result "1-0"]
[WhiteElo "1092"]
[BlackElo "1054"]
[PlyCount "53"]
[EventDate "2005.??.??"]
[EventType "tourn (corr)"]
[EventRounds "4"]
[SourceTitle "Corr 2020"]
[Source "ChessBase"]
[SourceDate "2019.09.30"]
[SourceVersion "1"]
[SourceVersionDate "2019.09.30"]
[SourceQuality "1"]
[WhiteTeam "Australia"]
[BlackTeam "United States"]
[WhiteTeamCountry "AUS"]
[BlackTeamCountry "USA"]

1. e4 e5 2. Nf3 Nc6 3. Bc4 Bc5 4. c3 Nf6 5. d4 exd4 6. cxd4 Bb4+ 7. Bd2 Nxe4 8. Qe2 Qe7 9. a3 Nxd4 10. Nxd4 Bxd2+ 11. Nxd2 Nxd2 12. Kxd2 c6 13. Nf5 Qxe2+ 14. Kxe2 d5 15. Bb3 Bxf5 16. Rhe1 0-0 17. Kf1 Bd3+ 18. Kg1 Rae8 19. h3 Re2 20. Rad1 Rfe8 21. Rf1 Rxb2 22. Rxd3 Ree2 23. Bxd5 Red2 24. Be4 c5 25. Rc1 b6 26. Kh2 Rxf2 27. Rd8# 1-0